000 00928cam a2200157 4500500
005 20260329010647.0
041 _afre
042 _adc
100 1 0 _aValadier, Paul
_eauthor
245 0 0 _aPatrick Verspieren,, Marie-Sylvie Richard, Jacques Ricot , La Tentation de l’euthanasie , Repères éthiques et expériences soignantes. Desclée de Brouwer, 2004, 296 pages, 22 €
260 _c2005.
500 _a84
520 _aRésuméSi le paysage est bien l’expression d’un « sentiment du oui » au monde, il ne signifie pas pour autant qu’il faille « abandonner le refus et la révolte qui sont dans l’homme aussi essentiels que sa conscience même ». A l’instar du surréalisme, il s’agit de « repenser les noces rompues »...
786 0 _nÉtudes | 402 | 2 | 2005-02-01 | p. XIV-XIV | 0014-1941
856 4 1 _uhttps://shs.cairn.info/revue-etudes-2005-2-page-XIV?lang=fr&redirect-ssocas=7080
999 _c1854615
_d1854615